000 00319nam a2200121Ia 4500
008 231129s9999||||xx |||||||||||||| ||spa||
040 _bspa
082 _aCo861 T233s
100 _aTavera Jose Aurelio
245 0 _aSonetos imperiales
264 _aColombia : Fondo Cultural La edad dorada [199?].
942 _2ddc
_cBKS
999 _c24822
_d24822